000 00650nam a2200217Ia 4500
001 21439
003 GE_BSU
008 181216s||||||||xx |||||||||||||| ||und||
040 _cGE_BSU
080 _aპერიოდიკა
245 _aЗемледелие №6 . 2017
245 _bТеоретический и научно-практический журнал
245 _cГл. ред. М.Ю. Гаитов
260 _aМосква
260 _c2017
300 _a48 стр. 29см. илл.
653 _aЗемледелие №6 . 2017
653 _aПериодика
653 _aპერიოდიკა
942 _cCR
999 _c54383
_d54383